00745cam a22002291 4500001001300000003000400013005001700017008004100034010001700075035002000092040001700112042001200129050001900141100003200160245002900192260006500221300003700286500014000323650001300463752002200476999001700498he 67001534 DLC20260227111448.0840529s1966 is 000 0 heb  ahe 67001534  a(OCoLC)19139594 aDLCcMHdDLC apremarc00aDS149b.S497161 aSharett, Moshe,d1894-1965.10aDevarim ʻal ha-Tsiyonut a[Jerusalem] :b[ha-Hanhalah ha-Tsiyonit ha-ʻolamit]c[1966] a41 p. :bmounted port. ;c28 cm. a"ha-Devarim neʼemru...bi-shene ha-ḳongresim ha-Tsiyoniyim ha-aḥaronim uve-moshav ha-Ṿaʻad ha-Poʻel ha-Tsiyoni bi-Shenat 1963." 0aZionism. aIsraeldJerusalem c32542d32542